|
|
|
|
| LEADER |
00000nam0a2200000 4500 |
| 001 |
27820 |
| 005 |
20231030202340.0 |
| 010 |
|
|
|a 5222000516
|
| 035 |
|
|
|a (RuTPU)RU\TPU\book\28073
|
| 035 |
|
|
|a BOOK00028148
|
| 090 |
|
|
|a 27820
|
| 100 |
|
|
|a 20011209d2001 m y0rusy50 ca
|
| 101 |
0 |
|
|a rus
|
| 102 |
|
|
|a RU
|
| 105 |
|
|
|a y j 000zy
|
| 200 |
1 |
|
|a Философия
|e учебное пособие
|f Под ред. В. П. Кохановского
|
| 205 |
|
|
|a 2-е изд., перераб. и доп.
|
| 210 |
|
|
|a Ростов-на-Дону
|c Феникс
|d 2001
|
| 215 |
|
|
|a 576 с.
|
| 451 |
|
1 |
|0 (RuTPU)RU\TPU\book\48075
|y 5-222-00051-6
|t Философия
|o учебное пособие
|f Под ред. В. П. Кохановского
|e 3-е изд., перераб. и доп.
|c Ростов-на-Дону
|n Феникс
|d 2002
|p 576 с.
|
| 451 |
|
1 |
|0 (RuTPU)RU\TPU\book\29566
|y 5-222-00051-6
|t Философия
|o учебное пособие для вузов
|f Отв. ред. В. П. Кохановский
|e 2-е изд., перераб. и доп.
|c Ростов-на-Дону
|n Феникс
|d 2001
|p 575 с.
|
| 610 |
1 |
|
|a философия
|
| 610 |
1 |
|
|a история
|
| 610 |
1 |
|
|a бытие
|
| 610 |
1 |
|
|a материя
|
| 610 |
1 |
|
|a диалектика
|
| 610 |
1 |
|
|a человек
|
| 610 |
1 |
|
|a общество
|
| 610 |
1 |
|
|a сознание
|
| 610 |
1 |
|
|a познание
|
| 610 |
1 |
|
|a научное знание
|
| 610 |
1 |
|
|a картины мира
|
| 610 |
1 |
|
|a глобальные проблемы
|
| 610 |
1 |
|
|a социальная философия
|
| 610 |
1 |
|
|a учебные пособия
|
| 686 |
|
|
|a Ю0/3я73
|v LBC/SL-A
|2 rubbk
|
| 702 |
|
1 |
|a Кохановский
|b В. П.
|4 340
|
| 801 |
|
0 |
|a RU
|b 63413507
|c 20011209
|g PSBO
|
| 801 |
|
2 |
|a RU
|b 63413507
|c 20030929
|g PSBO
|
| 801 |
|
2 |
|a RU
|b 63413507
|c 20181211
|g PSBO
|
| 900 |
|
|
|a Философия
|
| 942 |
|
|
|c BK
|
| 952 |
|
|
|a 520400
|b 030101
|